[Event "AUTO-INT-930"]
[Site "http://www.queenalice.com/game.php?id=416702"]
[Date "2008.6.12"]
[Round "1"]
[White "andrefriburgo"]
[Black "cachoremaggi"]
[Result "0-1"]
[WhiteElo "1363"]
[BlackElo "1619"]

1. e4 e6 2. d4 d5 3. exd5 exd5 4. Nf3 Nf6 5. Bd3 Be7 6. O-O O-O 7. Nc3 Be6 8.
Bg5 Nc6 9. Nh4 Nxd4 10. Qe1 Re8 11. Qe5 Nc6 12. Qg3 Bd6 13. Qe3 Be7 14. Qg3 Nh5
15. Qf3 g6 16. Nxg6 fxg6 17. Bh6 Ne5 18. Qe3 Bf6 19. Bb5 c6 20. Ba4 Ng4 21. Qf3
Nxh6 22. Rad1 Bg4 0-1

[Event "AUTO-INT-930"]
[Site "http://www.queenalice.com/game.php?id=416703"]
[Date "2008.6.12"]
[Round "1"]
[White "cachoremaggi"]
[Black "andrefriburgo"]
[Result "1-0"]
[WhiteElo "1613"]
[BlackElo "1369"]

1. e4 e5 2. Nf3 d6 3. Bc4 Nf6 4. Nc3 Nc6 5. O-O Be7 6. d4 O-O 7. dxe5 Ng4 8.
exd6 cxd6 9. Bd5 Nb4 10. Bb3 Qc7 11. Nd5 Qd8 12. Nxb4 Bh4 13. Bf4 Qb6 14. Nxh4
Qxb4 15. Nf5 Qxe4 16. Bxd6 Bxf5 17. Bxf8 Kxf8 18. Re1 Qc6 19. h3 Nf6 20. Re3 Ne4
21. Qd5 Be6 22. Qxc6 Bxb3 23. Qxb7 Re8 24. axb3 1-0

[Event "Challenge"]
[Site "http://www.queenalice.com/game.php?id=416921"]
[Date "2008.6.13"]
[Round "-"]
[White "andrefriburgo"]
[Black "Gansothedark"]
[Result "0-1"]
[WhiteElo "1357"]
[BlackElo "1418"]

1. e4 d5 2. Nc3 c6 3. d4 dxe4 4. Nxe4 f5 5. Ng5 e6 6. Bc4 h6 7. Qh5+ Kd7 8.
Bxe6+ Kc7 9. Nf7 Qe7 10. Bf4+ Kb6 11. d5 cxd5 12. Be3+ Kc7 13. Bf4+ Kb6 14. Be3+
Ka6 15. Qe2+ Ka5 16. Bd2+ Kb6 17. Qe3+ Qc5 18. Qe5 d4 19. Qxc5+ Kxc5 20. Bxc8
Rh7 21. Bxb7 g6 22. Bxa8 Rxf7 23. b4+ Kb6 24. a4 Nc6 25. a5+ Kb5 26. Nf3 Rd7 27.
Rb1 Rd8 28. Bb7 Rd7 29. Bc8 Rc7 30. Be6 Re7 31. c4+ Ka6 32. b5+ Kb7 0-1

[Event "Challenge"]
[Site "http://www.queenalice.com/game.php?id=417122"]
[Date "2008.6.13"]
[Round "-"]
[White "andrefriburgo"]
[Black "deniselefeber"]
[Result "1-0"]
[WhiteElo "1426"]
[BlackElo "1008"]

1. e4 Nc6 2. Bc4 Nf6 3. Nf3 e5 4. d3 d6 5. Ng5 Qd7 6. Nxf7 Rg8 7. Bg5 a5 8. Nc3
Nh5 9. Qxh5 h6 10. Nh8+ g6 11. Nxg6 Rg7 12. Nh8+ Rf7 13. Bxf7+ Qxf7 14. Qxf7#
1-0

[Event "AUTO-INT-933"]
[Site "http://www.queenalice.com/game.php?id=418757"]
[Date "2008.6.16"]
[Round "1"]
[White "andrefriburgo"]
[Black "marcoswerneck"]
[Result "0-1"]
[WhiteElo "1406"]
[BlackElo "1376"]

1. e4 e5 2. Bc4 Nf6 3. Nf3 Nxe4 4. O-O a6 5. Nxe5 Ng5 6. d4 d5 7. Bb3 Be6 8.
Ba4+ c6 9. c3 Bd6 10. Ng4 Nd7 11. Nd2 h5 12. Ne3 Qf6 13. Qb3 b5 14. g3 O-O 15.
Qd1 bxa4 16. Qxh5 Nh3+ 17. Kg2 Ng5 18. f4 Bh3+ 19. Kh1 Bxf1 20. fxg5 Qe7 21. Nf3
Bd3 22. Nf5 Bxf5 23. Nh4 Qe1+ 24. Kg2 Be4+ 25. Kh3 f6 26. gxf6 Qf1+ 27. Kg4
Nxf6+ 28. Kg5 Nxh5 29. Kxh5 Kf7 30. g4 Rh8+ 31. Kg5 Be7# 0-1

[Event "AUTO-INT-933"]
[Site "http://www.queenalice.com/game.php?id=418758"]
[Date "2008.6.16"]
[Round "1"]
[White "marcoswerneck"]
[Black "andrefriburgo"]
[Result "0-1"]
[WhiteElo "1479"]
[BlackElo "1447"]

1. g3 e5 2. Bg2 d5 3. d3 Nf6 4. Nf3 Bc5 5. Nxe5 O-O 6. e3 Qd6 7. Nf3 Nc6 8. b3
Bg4 9. O-O Rae8 10. Nc3 Nh5 11. Nb5 Qf6 12. Rb1 d4 13. e4 Ne5 14. Nxc7 Bxf3 15.
Nxe8 Rxe8 16. Qe1 Bxg2 17. Kxg2 Qf3+ 18. Kg1 Qg4 19. b4 Nf3+ 20. Kg2 Nxe1+ 21.
Rxe1 Bxb4 22. Rxb4 b6 23. Rxd4 Qc8 24. c4 Nf6 25. e5 Ng4 26. Bf4 Qc6+ 27. f3 Nh6
28. g4 Qc5 29. Rde4 Qa5 30. R1e2 b5 31. c5 Qc3 32. e6 fxe6 33. Bd6 Qxd3 34. Kg3
Nf7 35. Bf4 Qd5 36. a3 Qxc5 37. R2e3 e5 38. Kh4 Qe7+ 39. g5 a5 40. h3 Nd6 41.
Rxe5 Qf7 42. Kg4 h5+ 43. gxh6 Qg6+ 44. Bg5 Rf8 45. f4 gxh6 46. Kf3 Nf7 47. Rxb5
Nxg5+ 48. Ke2 Qc2+ 0-1

[Event "AUTO-INT-933"]
[Site "http://www.queenalice.com/game.php?id=418759"]
[Date "2008.6.16"]
[Round "1"]
[White "andrefriburgo"]
[Black "rockaudrey"]
[Result "0-1"]
[WhiteElo "1391"]
[BlackElo "1550"]

1. e4 c5 2. Nc3 g6 3. Bc4 Bg7 4. Qf3 e6 5. Nge2 Nc6 6. O-O Nf6 7. d3 O-O 8. Ng3
Nd4 9. Qd1 a6 10. e5 Ne8 11. Nce4 d5 12. c3 dxc4 13. cxd4 cxd4 14. dxc4 Bxe5 15.
Bg5 f6 16. Bh6 Rf7 17. Bd2 f5 18. Ng5 Rf8 19. Bb4 Qxg5 20. Bd2 Qd8 21. Rc1 Qb6
22. b3 Qd6 23. Qe1 Nf6 24. Bb4 Qc7 25. Ba5 b6 26. Bb4 Rd8 27. c5 a5 28. Ba3 b5
29. c6 b4 0-1

[Event "AUTO-INT-933"]
[Site "http://www.queenalice.com/game.php?id=418760"]
[Date "2008.6.16"]
[Round "1"]
[White "rockaudrey"]
[Black "andrefriburgo"]
[Result "1-0"]
[WhiteElo "1522"]
[BlackElo "1492"]

1. e4 e5 2. Nf3 Nc6 3. d4 Bb4+ 4. c3 Bd6 5. Bc4 Nf6 6. Bg5 Na5 7. Bb3 O-O 8.
Nbd2 Qe8 9. Bxf6 gxf6 10. Nh4 exd4 11. cxd4 Bf4 12. Qg4+ Bg5 13. f4 d6 14. Qg3
f5 15. Qxg5+ Kh8 16. Nxf5 Rg8 17. Qf6+ Rg7 18. Qxg7# 1-0

[Event "AUTO-INT-933"]
[Site "http://www.queenalice.com/game.php?id=418761"]
[Date "2008.6.16"]
[Round "1"]
[White "andrefriburgo"]
[Black "jeancarlo1910"]
[Result "0-1"]
[WhiteElo "1434"]
[BlackElo "1479"]

1. e4 e5 2. Bc4 Bc5 3. Nf3 f6 4. O-O d6 5. d3 Bg4 6. Nc3 Nc6 7. Bd5 Nge7 8. h3
Bh5 9. g4 Bg6 10. Nh4 Qd7 11. Nxg6 Nxg6 12. Ne2 O-O-O 13. c3 Nge7 14. Bc4 h5 15.
Ng3 hxg4 16. hxg4 Ng6 17. b4 Bb6 18. Bb5 Nge7 19. Qb3 Qxg4 20. Ba3 Qh3 21. d4
Qh2# 0-1

[Event "AUTO-INT-933"]
[Site "http://www.queenalice.com/game.php?id=418762"]
[Date "2008.6.16"]
[Round "1"]
[White "jeancarlo1910"]
[Black "andrefriburgo"]
[Result "1-0"]
[WhiteElo "1522"]
[BlackElo "1420"]

1. e4 Nf6 2. Nc3 e5 3. Nf3 Bc5 4. Bc4 O-O 5. Nxe5 Qe7 6. d4 Bd6 7. f4 Bb4 8. Bd3
d6 9. Nf3 d5 10. O-O Bg4 11. Nxd5 Nxd5 12. exd5 Qf6 13. Be3 Re8 14. Qe2 c5 15.
c3 cxd4 16. cxd4 Nd7 17. a3 Bd6 18. Qd2 b6 19. Ng5 g6 20. Ne4 Qh4 21. Nxd6 Rf8
22. f5 gxf5 23. Bxf5 Bxf5 24. Nxf5 Qe4 25. Qf2 Qxd5 26. Qg3+ Kh8 27. Qg7# 1-0

[Event "Challenge"]
[Site "http://www.queenalice.com/game.php?id=419730"]
[Date "2008.6.18"]
[Round "-"]
[White "andrefriburgo"]
[Black "cesarcalegari"]
[Result "1-0"]
[WhiteElo "1464"]
[BlackElo "1332"]

1. e4 e5 2. Nf3 d5 3. Nxe5 dxe4 4. Bc4 Nh6 5. d3 Bc5 6. dxe4 Bb4+ 7. c3 Bc5 8.
Bxh6 gxh6 9. Qg4 Rf8 10. Qg7 Qe7 11. Qg3 Qf6 12. O-O Bd6 13. Na3 Bxe5 14. Qd3
Qf4 15. g3 Rg8 16. Rad1 Ke7 17. Qd5 c6 18. Qc5+ Ke8 19. Rd3 Nd7 20. Qa5 b6 21.
Qa4 b5 22. Qa5 h5 23. Bb3 h4 24. c4 hxg3 25. fxg3 Qh4 26. cxb5 Nf6 27. Qd8# 1-0

[Event "AUTO-INT-936"]
[Site "http://www.queenalice.com/game.php?id=420194"]
[Date "2008.6.19"]
[Round "1"]
[White "Aleqza"]
[Black "andrefriburgo"]
[Result "1-0"]
[WhiteElo "1469"]
[BlackElo "1462"]

1. d4 Nc6 2. Nc3 e6 3. Bf4 d5 4. Nb5 Bb4+ 5. c3 Ba5 6. b4 Bb6 7. a4 a5 8. bxa5
Bxa5 9. e3 Bxc3+ 10. Nxc3 Nf6 11. Nb5 Ne4 12. Nxc7+ Kf8 13. Nxa8 Qa5+ 14. Ke2
Nc3+ 15. Kd2 Nxd1+ 16. Kxd1 Qxa8 17. Nf3 b5 18. Bxb5 Ke7 19. Ke2 Na7 20. Rhc1 f6
21. Rc7+ Kd8 22. Rac1 Bb7 23. Rd7+ Ke8 24. Rxb7+ Nxb5 25. Rb8+ Qxb8 26. Bxb8 Kf7
27. axb5 Rxb8 28. Rc7+ Kg8 29. Re7 Rxb5 30. Rxe6 Rb2+ 31. Nd2 Kf7 32. Rd6 Rb5
33. Kf3 Ke7 34. Ra6 Rb2 35. Nf1 Kf7 36. Ng3 Kg6 37. Ra5 h5 38. Rxd5 Kh6 39.
Rxh5+ Kg6 40. Rc5 Rb6 41. h4 Rb8 42. h5+ Kf7 43. Nf5 Ke6 44. Nxg7+ Kf7 45. h6
Kg6 46. Nf5 Kg5 47. h7 Kg6 48. Ne7+ Kxh7 49. Rc8 Rb7 50. Nd5 f5 51. Rc7+ Rxc7
52. Nxc7 Kg7 53. Kf4 Kf6 54. d5 Ke7 55. Kxf5 1-0

[Event "AUTO-INT-936"]
[Site "http://www.queenalice.com/game.php?id=420195"]
[Date "2008.6.19"]
[Round "1"]
[White "andrefriburgo"]
[Black "Aleqza"]
[Result "1-0"]
[WhiteElo "1428"]
[BlackElo "1456"]

1. e4 f6 2. Qh5+ g6 3. Qd5 Nc6 4. Bc4 e6 5. Qd3 Nb4 6. Qb3 Bc5 7. Nf3 c6 8. d4
Bd6 9. O-O a5 10. a3 a4 11. Qc3 Na6 12. e5 fxe5 13. dxe5 Bb8 14. Bg5 Qc7 15.
Nbd2 d5 16. Rae1 dxc4 17. Nxc4 h6 18. Nd6+ Kf8 19. Bf6 Nxf6 20. exf6 Qxd6 21.
Ne5 Qd7 22. Nxd7+ Bxd7 23. Rd1 Ke8 24. Qd4 Rh7 25. Qxa4 b5 26. Qe4 Nc5 27. Qxg6+
Kd8 28. Qxh7 Kc7 29. Qh8 Ne4 30. f7 1-0

[Event "AUTO-INT-936"]
[Site "http://www.queenalice.com/game.php?id=420206"]
[Date "2008.6.19"]
[Round "1"]
[White "J_Ricardo"]
[Black "andrefriburgo"]
[Result "1-0"]
[WhiteElo "1642"]
[BlackElo "1438"]

1. e4 e5 2. Nf3 d6 3. Nc3 Nf6 4. b3 Be7 5. h3 O-O 6. d3 Be6 7. Bb2 Nc6 8. Be2
Nb4 9. a3 Na6 10. d4 c5 11. dxe5 dxe5 12. Nxe5 Bd6 13. Ng4 Nd7 14. Bxa6 bxa6 15.
Qxd6 h5 16. Qxa6 hxg4 17. hxg4 Bxg4 18. Nd5 Be6 19. Qc4 f6 20. Nxf6+ Kf7 21. Qb5
gxf6 22. Rh7+ Kg6 23. Rh4 Rb8 24. Qd3 c4 25. Qg3+ Kf7 26. e5 cxb3 27. cxb3 Rxb3
28. Rh7+ Ke8 29. exf6 Rxg3 30. fxg3 Qa5+ 31. Kf2 Qb6+ 32. Kf1 1-0

[Event "AUTO-INT-936"]
[Site "http://www.queenalice.com/game.php?id=420207"]
[Date "2008.6.19"]
[Round "1"]
[White "andrefriburgo"]
[Black "J_Ricardo"]
[Result "0-1"]
[WhiteElo "1446"]
[BlackElo "1634"]

1. e4 e5 2. Bc4 Nf6 3. d3 a6 4. Nf3 h6 5. Nxe5 Rh7 6. Bf4 d6 7. Nf3 Bg4 8. O-O
b5 9. Bb3 Nc6 10. h3 Bh5 11. g4 Bg6 12. Nh4 Nd4 13. Bd5 Nxd5 14. exd5 Qxh4 15.
Qe1+ Be7 16. Bg3 Qxh3 17. Qe3 Nxc2 18. Qe2 Nxa1 19. Re1 O-O-O 20. Nc3 f5 21.
Qxe7 fxg4 22. Qe6+ Kb8 23. Qxg6 Nc2 24. Re4 Rhh8 25. Rxg4 Ne1 26. Qe4 Rhe8 27.
Rh4 Rxe4 28. Rxh3 Nxd3 29. Nxe4 Nxb2 30. f4 Nd3 0-1

[Event "Challenge"]
[Site "http://www.queenalice.com/game.php?id=421733"]
[Date "2008.6.22"]
[Round "-"]
[White "andrefriburgo"]
[Black "Ninha_alone"]
[Result "0-1"]
[WhiteElo "1381"]
[BlackElo "1475"]

1. e4 Nc6 2. Nf3 e5 3. Bc4 Qe7 4. O-O Nf6 5. Nc3 b6 6. Ng5 Rg8 7. Bxf7+ Kd8 8.
d3 Rh8 9. Bc4 d6 10. Be3 h6 11. Nf7+ Kd7 12. Nxh8 a5 13. Ng6 Qe8 14. Nxf8+ Qxf8
15. Qf3 Ba6 16. Qh3+ Kd8 17. Be6 g5 18. Rae1 Nb4 19. Re2 d5 20. Nxd5 Nbxd5 0-1

[Event "AUTO-INT-958"]
[Site "http://www.queenalice.com/game.php?id=429992"]
[Date "2008.7.8"]
[Round "1"]
[White "Rapaz"]
[Black "andrefriburgo"]
[Result "1-0"]
[WhiteElo "1389"]
[BlackElo "1499"]

1. d4 d5 2. Nc3 e6 3. e3 Nf6 4. Nf3 Bd6 5. b3 O-O 6. Ne5 Bb4 7. Bd2 Nh5 8. Qxh5
g6 9. Qh6 Qf6 10. Ng4 Qf5 11. Be2 Qxc2 12. Nf6+ Kh8 13. Qxh7# 1-0

[Event "AUTO-INT-958"]
[Site "http://www.queenalice.com/game.php?id=429993"]
[Date "2008.7.8"]
[Round "1"]
[White "andrefriburgo"]
[Black "Rapaz"]
[Result "0-1"]
[WhiteElo "1318"]
[BlackElo "1517"]

1. e4 Nc6 2. Nf3 e5 3. Bc4 Nf6 4. Ng5 d5 5. exd5 Nxd5 6. d3 Be7 7. Qh5 g6 8. Qh6
Be6 9. Qg7 Bf6 10. Qh6 Nf4 11. Nf3 Nxg2+ 12. Kf1 Nf4 13. Rg1 Bxc4 14. Nbd2 Be6
15. Ne4 Nd4 16. Nxf6+ Qxf6 17. Be3 Nxf3 18. Rg3 Nd4 19. Rc1 Bd5 20. Ke1 Nh5 21.
Bg5 Qg7 22. Qxg7 Nxg7 23. Bf6 Rg8 24. Bxe5 Nf3+ 25. Ke2 Nxe5 26. Re3 f6 27. d4
Nf5 28. Rc3 Nxd4+ 29. Ke3 Nf5+ 30. Ke2 Rd8 31. Rxc7 Rg7 32. Rxg7 Nxg7 33. b3 Nf5
0-1

[Event "AUTO-INT-958"]
[Site "http://www.queenalice.com/game.php?id=430018"]
[Date "2008.7.8"]
[Round "1"]
[White "yannigator"]
[Black "andrefriburgo"]
[Result "1-0"]
[WhiteElo "1493"]
[BlackElo "1477"]

1. e4 e5 2. Nf3 Nc6 3. d4 Nf6 4. dxe5 Nxe4 5. Bc4 Bc5 6. Bxf7+ Kxf7 7. Qd5+ Ke8
8. Qxe4 Rf8 9. O-O b6 10. Qxh7 Qe7 11. Qh5+ Rf7 12. Bg5 Qe6 13. Qh8+ Rf8 14.
Qxg7 Ba6 15. Nbd2 Rg8 16. Qf6 Qd5 17. e6 dxe6 18. Rae1 Nd8 19. Rxe6+ Nxe6 20.
Re1 Kd7 21. Ne5+ Kc8 22. c4 Qd4 23. Qxe6+ Kb7 24. Be3 Qxb2 25. Qd5+ c6 26. Qxc6+
Kb8 27. Nd7# 1-0

[Event "AUTO-INT-958"]
[Site "http://www.queenalice.com/game.php?id=430019"]
[Date "2008.7.8"]
[Round "1"]
[White "andrefriburgo"]
[Black "yannigator"]
[Result "0-1"]
[WhiteElo "1510"]
[BlackElo "1470"]

1. e4 e5 2. Nf3 Nc6 3. Bc4 Nf6 4. Ng5 Bc5 5. Nxf7 Bxf2+ 6. Kxf2 Nxe4+ 7. Ke1
Qh4+ 8. g3 Nxg3 9. Nxh8 Nxh1+ 10. Ke2 Qxh2+ 11. Kd3 Nf2+ 12. Ke2 Nd4+ 13. Kf1
Nxd1 14. Ke1 d5 15. Bf1 Qf2+ 16. Kxd1 Qxf1# 0-1